| 000 | 00596nam a22001937a 4500 | ||
|---|---|---|---|
| 999 |
_c5212 _d5212 |
||
| 001 | 11852 | ||
| 003 | BD-DhUAP | ||
| 005 | 20201203130127.0 | ||
| 008 | 201203s2006 ii a|||| |||| 00| 0 eng d | ||
| 020 | _a8123912897 | ||
| 040 |
_aBD-DhUAP _bEng _cBD-DhUAP _dBD-DhUAP |
||
| 082 |
_223 _a581.63403 SAM |
||
| 100 | _aSammbamurty, A. V. S. S | ||
| 245 |
_aDictionary of medicinal plants / _cA. V. S. S Sammbamurty. |
||
| 260 |
_aNew Delhi : _bCBS Publishers & Distributors, _cc2006. |
||
| 300 |
_a337 pages : _billustrations ; _c22 cm. |
||
| 650 |
_aMedicinal plants _vdictionaries. |
||
| 942 |
_2ddc _cREF |
||